000 00561nam a2200181 a 4500
001 000048101
005 20201002060924.0
008 181115s2015 dr a 000 0 spa d
020 _z9789945472288
040 _aDO-SdBNP
_bspa
_cBNPHU
082 _axxxx
_bS276f
100 1 _aSbriz, Luciano
_958523
245 1 0 _aFísica I :
_bprácticas de laboratorio /
_cLuciano Sbriz.
260 _aSanto Domingo :
_bInstituto Tecnológico de Santo Domingo,
_c2015.
300 _a88 p. :
_bil. ;
_c28 cm.
504 _aBibliografía : p. 88
590 _aInventariado, 2018/LP
999 _c47589
_d47589